00716nam a22002057a 450000500170000001000150001702000270003203500140005903700130007308200080008610000270009424500500012126000360017127000520020730000200025970000350027994200220031499900190033695201550035520241204162944.0 aENG-142851 a9789382711360c3999.00 aEN-126383 bDBAD/PUB a921 aSinha, Paavani 974708 aBeing Modi/cby Paavani Sinha & Nikita Parmar aNew DelhibVistasta Publishing  a2/15, Ansari Road, DaryaganjbNew Delhie110002 a130p.c24cm(hb) aParmar, Nikita eAuthor974709 2ddccENh921mSIN c207415d207415 001040708REFaZLSbZLSd2024-12-04eDelivery of Books Act Divisiong3999.00l0o921 SINpEN-126383r2024-12-04 00:00:00t1v3999.00w2024-12-04yEN